Mezinárodní politika

Enregistré dans:
Détails bibliographiques
Format: Publication en série
Langue:tchèque
Publié: Praha ORBIS 1991
Sujets:
Tags: Ajouter un tag
Pas de tags, Soyez le premier à ajouter un tag!

MARC

LEADER 00000nas2a2200000 4500
001 s015263
005 20180117152323.5
022 |a 0543-7962 
041 0 |a cze 
044 |a CZ 
245 1 0 |a Mezinárodní politika 
264 1 |a Praha  |b ORBIS  |c 1991 
300 |a 1 zv. 
773 0 |w eu_un_cat*s120058 
610 2 0 |a politika medzinárodná 
610 2 0 |a politika svetová 
610 2 0 |a politika zahraničná